Quick Pick: One-Team NBA Players Quiz Stats

 Plays Quiz Updated Jan 7, 2019

Score 0/15 Timer 01:00
0 Plays Today
% Correct
Kobe Bryant
86.6%
Tim Duncan
86.5%
Dirk Nowitzki
86.5%
Larry Bird
86.4%
Magic Johnson
84.2%
Russell Westbrook
83.3%
Bill Russell
80.1%
James Worthy
78.5%
% Correct
John Stockton
78.3%
Reggie Miller
74.5%
Jerry West
74.4%
David Robinson
72.8%
Kevin McHale
65.1%
Elgin Baylor
58.4%
Julius Erving
52.8%

Today's Daily Dose

Missing Word
Christopher Lee

You're not logged in!

Compare scores with friends on all Sporcle quizzes.
OR
Log In

Show Comments

Extras

Top Quizzes Today


Score Distribution

Your Account Isn't Verified!

In order to create a playlist on Sporcle, you need to verify the email address you used during registration. Go to your Sporcle Settings to finish the process.

Report this User

Report this user for behavior that violates our Community Guidelines.

Details: